000 02072nas a2200277Ia 4500
001 R050-S2498
003 IT-CnALBA
008 170116c99999999xx |||||||||||| ||und||
040 _aIT-CnALBA
_cIT-CnALBA
041 _aITALIANO
100 _aPEDRINI ARNALDO, SDB.
210 _aRIVISTA DI ASCETICA E MISTICA
222 _aRIVISTA DI ASCETICA E MISTICA
245 0 _aRIVISTA DI ASCETICA E MISTICA. GENNAIO MARZO 1999. ANNO 68° DI VITA CRISTIANA.
250 _a1a ed.
260 _a FIRENZE
_bCONVENTO SAN MARCO
_c1999 [1° Ed.:1999 - Ed.Ling.Originale: 1999]
300 _a122 p.
310 _aTRIMESTRALE
362 _aFascicolo: 1 / Anno: 24 (1999)
500 _aCOMAN P. PALESATI LEPRI N. BARSOTTI D. FATICHI L. NANETTI R. MICHELI G. VIERI F. PISTOIA F. RECENSIONI. LETTURE. IL LIBRO DI DIO E DELL'UOMO. IL NUOVO DIZIONARIO DI MISTICA. BERLIN, IL PROBLEMA DEI VALORI. DAG HAMMARSKYOLD VIATORE INSTANCABILE. LE PORTE CELESTI. VALORI NELLE RELIGIONI NON CRISTIANI.. ITALA MELA, MISTICA SPEZZINA. SUL PASTORCICO DI S. GIOVANNI DELLA CROCE. S. BASILIO MAGNO E ARTABIO FRA CALUNNIA E ONESTÀ. PROFESSO UN SOLO BATTESIMO, SPUNTI DI SPIRITUALITÀ DELLA CHIESA ANTICA. FRANCESCO DI SALES E IL SUO EPISTOLARIO. LA PATERNITÀ DIVINA NELLA SPIRITUALITÀ SALESIANA.
501 _aSocietà San Paolo EM - Piazza San Paolo, 14 - 12051 ALBA (CN) (non commercial uses only) ® Copyright 2017
520 _aCOMAN P. PALESATI LEPRI N. BARSOTTI D. FATICHI L. NANETTI R. MICHELI G. VIERI F. PISTOIA F. RECENSIONI. LETTURE. IL LIBRO DI DIO E DELL'UOMO. IL NUOVO DIZIONARIO DI MISTICA. BERLIN, IL PROBLEMA DEI VALORI. DAG HAMMARSKYOLD VIATORE INSTANCABILE. LE PORTE CELESTI. VALORI NELLE RELIGIONI NON CRISTIANI.. ITALA MELA, MISTICA SPEZZINA. SUL PASTORCICO DI S. GIOVANNI DELLA CROCE. S. BASILIO MAGNO E ARTABIO FRA CALUNNIA E ONESTÀ. PROFESSO UN SOLO BATTESIMO, SPUNTI DI SPIRITUALITÀ DELLA CHIESA ANTICA. FRANCESCO DI SALES E IL SUO EPISTOLARIO. LA PATERNITÀ DIVINA NELLA SPIRITUALITÀ SALESIANA.
650 _aASCETICA E MISTICA
942 _cCR
957 _71
999 _a64386
_bNO
_g1
_c331086
_d331086